Países com o maior número de feriados - Statistics

Estatísticas Gerais
  • Esse quiz foi jogado 45 vezes
  • A pontuação média é 10 de 18
Estatísticas das Respostas
Número de Feriados País % Correto
Rússia
92%
Japão
85%
15 Argentina
79%
Espanha
77%
Índia
74%
Chile
69%
Coreia do Sul
69%
18 Colômbia
67%
Venezuela
59%
14 Indonésia
56%
16 Tailândia
51%
14,5 Turquia
51%
Filipinas
49%
Malásia
33%
Finlândia
28%
Marrocos
21%
Líbano
8%
Malta
3%
Nenhum quiz correspondente encontrado
Distribuição das Pontuações
Porcentagem de Pessoas com Cada Pontuação
Percentil de Números Respondidos
Sua Pontuação Histórica
Você não jogou esse quiz